000 00864nam a2200253 4500
001 11348
003 HDC
007 cr bn ---aaaaa
008 210207c dr|noo 0 a eng d
040 _aHDC
100 _aEbrahimian, Bethany Allen
_eauthor
_911645
245 0 _aChina Wants to Feed the World's 1.6 Billion Muslims /
_cby Bethany Allen-Ebrahimian
260 _a[No place] :
_bForeign Policy,
_c[no year]
336 _atext
_2rdacontent
337 _acomputer
_2rdamedia
338 _aonline resource
_2rdacarrier
650 _aFood industry
_9536
650 _aHalal market
_9582
710 _aForeign Policy
856 _zRequest full-text at [email protected]
942 _2lcc
942 _cNEWS
942 _kNWSO 002247
999 _c8671
_d8671